Corporate governance and the "job loss" recovery (Record no. 66967)

000 -LEADER
fixed length control field 00462pab a2200169 454500
008 - FIXED-LENGTH DATA ELEMENTS--GENERAL INFORMATION
fixed length control field 180718b2005 xxu||||| |||| 00| 0 eng d
100 ## - MAIN ENTRY--PERSONAL NAME
Personal name Bivens, L. Joshi
245 ## - TITLE STATEMENT
Title Corporate governance and the "job loss" recovery
260 ## - PUBLICATION, DISTRIBUTION, ETC.
Date of publication, distribution, etc. 2005
300 ## - PHYSICAL DESCRIPTION
Extent p.293-301.
362 ## - DATES OF PUBLICATION AND/OR SEQUENTIAL DESIGNATION
Dates of publication and/or sequential designation Summer
650 ## - SUBJECT ADDED ENTRY--TOPICAL TERM
Topical term or geographic name entry element Income distribution
650 ## - SUBJECT ADDED ENTRY--TOPICAL TERM
Topical term or geographic name entry element Corporate governance
700 ## - ADDED ENTRY--PERSONAL NAME
Personal name Weller, Christian E.
773 ## - HOST ITEM ENTRY
Main entry heading Review of Radical Political Economics
909 ## -
-- 66967
Holdings
Withdrawn status Lost status Damaged status Not for loan Permanent Location Current Location Date acquired Serial Enumeration / chronology Barcode Date last seen Price effective from Koha item type
        Indian Institute of Public Administration Indian Institute of Public Administration 2018-07-19 Volume no: 37, Issue no: 3 AR67423 2018-07-19 2018-07-19 Articles

Powered by Koha